| 000 | 00694nam a2200193Ia 4500 | ||
|---|---|---|---|
| 003 | LDD | ||
| 008 | 190117s9999 xx 000 0 und d | ||
| 020 |
_a9789381234280 _c₹325 |
||
| 040 | _cLDD | ||
| 041 | _ahi | ||
| 082 | _a8H3.7 र2601रा | ||
| 100 | _aरजा, राही मासूम | ||
| 245 | 0 |
_aराही मासूम रजा की श्रेष्ठ कहानियाँ _cराही मासूम रजा |
|
| 260 |
_aदिल्ली _bप्रकाशन संस्थान _c2015 |
||
| 300 | _a123p. | ||
| 901 | _aTHE-BS | ||
| 904 | _aReqst by : Jitendra Kumar | ||
| 942 |
_2ddc _cH |
||
| 999 |
_c167990 _d167990 |
||